Thermodynamische Varhältnisse der unteren Atmosphäre bei ausgewählten synoptischen Lagen

Bibliographic Details
Main Author: Hrouzková, Eva (Author)
Format: Article
Language:German

MARC

LEADER 00000nab a2200000uu 4500
001 vtls010900683
003 SK-MaSNL
005 20260303141756.0
008 230222|1982 xo |||||||||||||||||ger|
015 |a SNBRB 
035 |a (urnnbn)urn:nbn:sk:snk:ar-a07lvb 
035 |a (uuid)4629714e-c5ac-41eb-ac45-e5c051846e5a 
035 |a urn:nbn:sk:snk-ab8sco 
040 |a SNKBUCL  |b slo  |c SNKBUCL  |e AACR2 
041 0 |a ger 
044 |a xo  |c SK 
100 1 |a Hrouzková, Eva  |4 aut  |9 11937 
245 1 0 |a Thermodynamische Varhältnisse der unteren Atmosphäre bei ausgewählten synoptischen Lagen  |c E. Hrouzková 
773 0 |t Acta Facultatis rerum naturalium Universitatis Comenianae  |g Roč. 12, č. 12 (1982), s. [1]-15 
958 |a OND 
958 |a EUIPO 
958 |a article10 
999 |c 1978686  |d 1980616